书目信息 |
| 题名: |
出土文獻與鄭國史新探
|
|
| 作者: | 程浩, 著 | |
| 分册: | ||
| 出版信息: | 上海 上海古籍出版社 2021.12 |
|
| 页数: | 122页 | |
| 开本: | 24cm | |
| 丛书名: | 出土文獻與中國古代文明研究叢書 | |
| 单 册: | ||
| 中图分类: | K877.04 , K225.07 | |
| 科图分类: | ||
| 主题词: | 出土文物--chu tu wen wu--文献--研究--中国--春秋战国时代 , 春秋战国时代--chun qiu zhan guo shi dai--古代史--研究 | |
| 电子资源: | ||
| ISBN: | 978-7-5732-0222-2 | |
| 000 | 01492nam 2200313 450 | |
| 001 | CAL 0120227356992 | |
| 005 | 20230217093112.0 | |
| 010 | @a978-7-5732-0222-2@dCNY42.00 | |
| 100 | @a20220310d2021 em y0chiy0120 ea | |
| 101 | 0 | @achi |
| 102 | @aCN@b310000 | |
| 105 | @aa a 000yy | |
| 106 | @ar | |
| 200 | 1 | @a出土文獻與鄭國史新探@Achu tu wen xian yu zheng guo shi xin tan@f程浩著 |
| 210 | @a上海@c上海古籍出版社@d2021.12 | |
| 215 | @a122页@c图@d24cm | |
| 225 | 2 | @a出土文獻與中國古代文明研究叢書@Achu tu wen suo yu zhong guo gu dai wen ming yan jiu cong shu |
| 300 | @a清華大學自主科研計劃資助 國家社科基金重大項目“清華大學藏戰國竹簡的價值挖掘與傳承傳播研究” 國家社科基金重大項目“出土簡帛文獻與古書形成問題研究” 國家社科基金重大項目“清華簡與儒家經典的形成發展研究” | |
| 320 | @a有书目 (第113-120页) | |
| 330 | @a本文内容包括: 从“逃死”到“捍艰”: 雨周之际的东迁立国、“孝子不匮”还是“雄鸷多智”: 郑武夫人与郑庄、牢鼠不能同穴: 昭属之乱再考察、居大国之间而从于强令: 大国争霸中的郑国外交、困兽犹斗: 战国前期郑国的殊死抵抗、清华简新见郑国人物考略、郑国历史发展的几个特点。 | |
| 410 | 0 | @12001 @a出土文獻與中國古代文明研究叢書 |
| 518 | 1 | @a出土文献与郑国史新探 |
| 606 | 0 | @a出土文物@Achu tu wen wu@x文献@x研究@y中国@z春秋战国时代 |
| 606 | 0 | @a春秋战国时代@Achun qiu zhan guo shi dai@x古代史@x研究 |
| 690 | @aK877.04@v5 | |
| 690 | @aK225.07@v5 | |
| 701 | 0 | @a程浩,@Acheng hao@f1989-@4著 |
| 801 | 0 | @aCN@bBJXHZP@c20230228 |
| 905 | @b1387044-7@dK877.04@e533@f4 | |
| 出土文獻與鄭國史新探/程浩著.-上海:上海古籍出版社,2021.12 |
| 122页:图;24cm.-(出土文獻與中國古代文明研究叢書) |
| 清華大學自主科研計劃資助 國家社科基金重大項目“清華大學藏戰國竹簡的價值挖掘與傳承傳播研究” 國家社科基金重大項目“出土簡帛文獻與古書形成問題研究” 國家社科基金重大項目“清華簡與儒家經典的形成發展研究” |
| ISBN 978-7-5732-0222-2:CNY42.00 |
| 本文内容包括: 从“逃死”到“捍艰”: 雨周之际的东迁立国、“孝子不匮”还是“雄鸷多智”: 郑武夫人与郑庄、牢鼠不能同穴: 昭属之乱再考察、居大国之间而从于强令: 大国争霸中的郑国外交、困兽犹斗: 战国前期郑国的殊死抵抗、清华简新见郑国人物考略、郑国历史发展的几个特点。 |
| ● |
| 相关链接 |
|
|
|
|
正题名:出土文獻與鄭國史新探
索取号:K877.04/533
 
预约/预借
| 序号 | 登录号 | 条形码 | 馆藏地/架位号 | 状态 | 备注 |
| 1 | 1387044 | 213870444 | 第二样本阅览室/ [索取号:K877.04/533] | 在馆 | |
| 2 | 1387045 | 213870453 | 第二借阅区/ [索取号:K877.04/533] | 在馆 | |
| 3 | 1387046 | 213870462 | 第二借阅区/ [索取号:K877.04/533] | 在馆 | |
| 4 | 1387047 | 213870471 | 第二借阅区/ [索取号:K877.04/533] | 在馆 |